000 00480nam a22001457a 4500
999 _c2798
_d2798
008 191122b2009 ||||| |||| 00| 0 eng d
020 _a9788120335844
082 0 0 _223
_a620.00151
_bA324
100 1 _aAlavala, Chennakesava R.
245 1 0 _aFinite element methods : basic concepts and applications /
_cby Chennakesava R. Alavala.
260 _aNew Delhi :
_bPHI Learning,
_cc2009.
300 _axv, 392 p. :
_bill. ;
_c24 cm.
650 0 _aFinite element method.
942 _cBK